ပိုၼ်းဝဵင်းၼွင်ၶဵဝ်လႄႈပိုၼ်းၸဝ်ႈသြႃႇဝၸယႃႇၼၼ်ႇတ (ၸဝ်ႈဢၼ်ႁဵတ်ႈပၼ်လိၵ်ႈတႆးပၢၼ်မႂ်ႇ) / (Record no. 22984)

000 -LEADER
fixed length control field 01246nam a22002417a 4500
003 - CONTROL NUMBER IDENTIFIER
control field OSt
005 - DATE AND TIME OF LATEST TRANSACTION
control field 20260127155929.0
008 - FIXED-LENGTH DATA ELEMENTS--GENERAL INFORMATION
fixed length control field 230308b ||||| |||| 00| 0 eng d
040 ## - CATALOGING SOURCE
Transcribing agency SSBUL
041 ## - LANGUAGE CODE
Language code of text/sound track or separate title Shan
082 ## - DEWEY DECIMAL CLASSIFICATION NUMBER
Classification number 959.116
Edition number 23
Item number ပိုၼ်း
245 ## - TITLE STATEMENT
Title ပိုၼ်းဝဵင်းၼွင်ၶဵဝ်လႄႈပိုၼ်းၸဝ်ႈသြႃႇဝၸယႃႇၼၼ်ႇတ (ၸဝ်ႈဢၼ်ႁဵတ်ႈပၼ်လိၵ်ႈတႆးပၢၼ်မႂ်ႇ) /
Statement of responsibility, etc. ၸဝ်ႈသြႃႇၼၼ်ႉတထၸ၊ ၸဝ်ႈၶူးဝေပုလ်လ ၵဵပ်ႈႁွမ်-
260 ## - PUBLICATION, DISTRIBUTION, ETC.
Date of publication, distribution, etc. 2018
300 ## - PHYSICAL DESCRIPTION
Extent A၊ (9) 43ၼႃႈ၊
Other physical details ပႃးၶႅပ်းႁၢင်ႈ၊
Dimensions 21 ၸိၼ်ႇထီႇ
500 ## - GENERAL NOTE
General note ပႃးပပ်ႉၸဝ်ႈတႃႇၼႁင်းၶေႃ တွၵ်ႉတိူဝ်ႇၸၢႆးဢွင်ႇထုၼ်းသၢမ်ပပ်ႉ၊ မၢႆ-2482၊ 2483 လႄႈ 2504
General note S-SAT: Dr. Prof Sai Aung Tun
650 ## - SUBJECT ADDED ENTRY--TOPICAL TERM
Topical term or geographic name entry element ပိုၼ်းဝဵင်းၼွင်ၶဵဝ်
Topical term or geographic name entry element ထေရုပ်ႉပတ်ႉတိ
942 ## - ADDED ENTRY ELEMENTS (KOHA)
Koha item type Books (Long term)
650 ## - SUBJECT ADDED ENTRY--TOPICAL TERM
9 (RLIN) 21716
9 (RLIN) 20943
Source of classification or shelving scheme
Source of classification or shelving scheme
Source of classification or shelving scheme
Holdings
Withdrawn status Lost status Source of classification or shelving scheme Damaged status Not for loan Collection Code Permanent Location Current Location Shelving location Date acquired Total Checkouts Full call number Barcode Date last seen Copy number Price effective from Koha item type Accession
          Tai Collection Shan State Buddhist University Library Shan State Buddhist University Library Tai Shelves 08/03/2023   959.116 ပိုၼ်း ႑႐႘႔(1) SH00001084 08/03/2023 1 08/03/2023 Books (Long term) ႑႐႘႔(1)
          Tai Collection Shan State Buddhist University Library Shan State Buddhist University Library Tai Shelves 08/03/2023   959.116 ပိုၼ်း ႑႑႐႘(3) SH00001108 08/03/2023 3 08/03/2023 Books (Long term) ႑႑႐႘(3)
          Tai Collection Shan State Buddhist University Library Shan State Buddhist University Library Tai Shelves 08/03/2023   959.116 ပိုၼ်း ႑႑႐႕(2) SH00001105 08/03/2023 2 08/03/2023 Books (Long term) ႑႐႘႔(1)
          Special Collections Shan State Buddhist University Library Shan State Buddhist University Library Special Collection Shelves 08/03/2023   959.116 ပိုၼ်း ႒႔႘႒ (1) S-SAT SH00002482 08/03/2023 4 08/03/2023 Book (Short term) ႒႔႘႒ (1) S-SAT
          Special Collections Shan State Buddhist University Library Shan State Buddhist University Library Special Collection Shelves 08/03/2023   959.116 ပိုၼ်း ႒႔႘႓ (2) S-SAT SH00002483 08/03/2023 5 08/03/2023 Book (Short term) ႒႔႘႓ (2) S-SAT
          Special Collections Shan State Buddhist University Library Shan State Buddhist University Library Special Collection Shelves 08/03/2023   959.116 ပိုၼ်း ႒႕႐႔ (3) S-SAT SH00002504 08/03/2023 6 08/03/2023 Book (Short term) ႒႕႐႔ (3) S-SAT
          Tai Collection Shan State Buddhist University Library Shan State Buddhist University Library Tai Shelves 08/03/2023   959.116 ပိုၼ်း ႒႗႓႕ (4) SH00002735 08/03/2023 7 08/03/2023 Books (Long term) ႒႗႓႕ (4)
          Tai Collection Shan State Buddhist University Library Shan State Buddhist University Library Tai Shelves 21/09/2023   959.116 ပိုၼ်း ႒႙႓႖(5) SH00002836 21/09/2023 8 21/09/2023 Books (Long term) ႒႙႓႖(5)

Library - 09407999929
Admin Office - 09407999979
Dean Office - 09250910768
Registrar Office - 09892297154
Email - [email protected]
Shan State Buddhist University, Phaya Phyu Taunggyi, Shan State, Myanmar.